Liberalizace přístupu k devizám. Devizové aspekty podnikání. 1.

Pri zabezpečovaní hladkého priebehu finančného styku so zahraničím je nevyhnutné dosiahnuť rovné postavenie podnikateľov pri získavaní devízových prostriedkov. Aktuálnosť novely devízového zákona č. 528/1990 Zb. Konkrétne zmeny pre podnikateľov. Podnikatelia, na ktorých sa nevzťahuje liberalizovaný...

Full description

Saved in:
Bibliographic Details
Main Author: Žák, L.
Other Authors: Bednářová, M.
Format: Book Chapter
Language:Czech
Subjects:
Tags: Add Tag
No Tags, Be the first to tag this record!

MARC

LEADER 00000naa a2200000 4500
001 r008579
005 20220831083800.6
041 0 |a cze 
044 |a [CS] 
245 1 0 |a Liberalizace přístupu k devizám.  |b Devizové aspekty podnikání. 1.  |c L. Žák, M. Bednářová 
520 |a Pri zabezpečovaní hladkého priebehu finančného styku so zahraničím je nevyhnutné dosiahnuť rovné postavenie podnikateľov pri získavaní devízových prostriedkov. Aktuálnosť novely devízového zákona č. 528/1990 Zb. Konkrétne zmeny pre podnikateľov. Podnikatelia, na ktorých sa nevzťahuje liberalizovaný prístup k devízovým prostriedkom. Rozšírenie vnútornej zameniteľnosti. 
610 2 0 |a liberalizácia 
610 2 0 |a devízy 
610 2 0 |a podnikanie 
610 2 0 |a konvertibilita 
610 2 0 |a podnikatelia 
610 2 0 |a obchod medzinárodný 
610 2 0 |a trh kapitálový 
610 2 0 |a ČSFR 
610 2 0 |a zákony 
610 2 0 |a vzťahy devízovo-finančné 
100 1 |a Žák, L. 
700 1 |a Bednářová, M.